[Event "FRA-chT4 0506"]
[Site "France"]
[Date "2005.11.20"]
[Round "2"]
[White "Cuvelier, Romain"]
[Black "Guyot, Alix"]
[Result "1-0"]
[WhiteElo "1420"]
[BlackElo "1010"]
[PlyCount "85"]
[EventDate "2005.10.02"]
[EventType "team"]
[EventRounds "9"]
[EventCountry "FRA"]
[SourceTitle "EXT 2007"]
[Source "ChessBase"]
[SourceDate "2006.11.23"]
[SourceVersion "1"]
[SourceVersionDate "2006.11.23"]
[SourceQuality "1"]

1. d4 d5 2. c4 dxc4 3. e4 e6 4. Bxc4 Nc6 5. Nf3 Bb4+ 6. Nc3 Nf6 7. Bg5 0-0 8. 0-0 Be7 9. Bxf6 Bxf6 10. d5 exd5 11. Bxd5 Bxc3 12. bxc3 Ne7 13. Ne5 Nxd5 14. exd5 f6 15. Nf3 Bg4 16. Re1 Re8 17. h3 Bxf3 18. Qxf3 Rxe1+ 19. Rxe1 Qd6 20. Qh5 g6 21. Qf3 Kf8 22. Re6 Qa3 23. Qxf6+ Kg8 24. Re7 Qc1+ 25. Kh2 Qh6 26. Rxc7 Rf8 27. Qe5 Rxf2 28. d6 Rf1 29. d7 Rf8 30. Qe8 Qd2 31. d8Q Qxd8 32. Qxd8 Rxd8 33. Rxb7 Ra8 34. c4 Rc8 35. Rxa7 Rxc4 36. a4 h5 37. a5 Rc8 38. a6 g5 39. Rb7 g4 40. hxg4 hxg4 41. a7 Ra8 42. Rb8+ Rxb8 43. axb8Q+ 1-0